ბათუმის შოთა რუსთაველის სახელმწიფო უნივერსიტეტის ბიბლიოთეკა

თხზულებათა სრული კრებული (ბიბ.ჩანაწერი № 41911)

000 -LEADER
fixed length control field 00979nam a2200229Ia 4500
001 - CONTROL NUMBER
control field 8595
003 - CONTROL NUMBER IDENTIFIER
control field GE_BSU
008 - FIXED-LENGTH DATA ELEMENTS--GENERAL INFORMATION
fixed length control field 181216s||||||||xx |||||||||||||| ||und||
040 ## - CATALOGING SOURCE
Transcribing agency GE_BSU
080 ## - UNIVERSAL DECIMAL CLASSIFICATION NUMBER
Universal Decimal Classification number 821.353.1-82
100 ## - MAIN ENTRY--PERSONAL NAME
Personal name თეიმურაზ, მეორე
245 ## - TITLE STATEMENT
Title თხზულებათა სრული კრებული
245 ## - TITLE STATEMENT
Remainder of title თეიმურაზ მეორე 1700-1762
245 ## - TITLE STATEMENT
Statement of responsibility, etc. გიორგი ჯაკობიას წინასიტყვაობით რედ. ლექსიკონით და შენიშვნებით.
250 ## - EDITION STATEMENT
Edition statement ქართული კლასიკური მწერლობა
260 ## - PUBLICATION, DISTRIBUTION, ETC.
Place of publication, distribution, etc. თბილისი.
260 ## - PUBLICATION, DISTRIBUTION, ETC.
Name of publisher, distributor, etc. ფედერაცია
260 ## - PUBLICATION, DISTRIBUTION, ETC.
Date of publication, distribution, etc. 1939
300 ## - PHYSICAL DESCRIPTION
Extent 283 გვ; 1 ჩართ. ფურც. პორტრ., 23 სმ.
653 ## - INDEX TERM--UNCONTROLLED
Uncontrolled term თხზულებათა სრული კრებული
942 ## - ADDED ENTRY ELEMENTS (KOHA)
Koha item type წიგნი
ეგზემპლარები
Withdrawn status Lost status Damaged status Not for loan Date acquired Barcode Date last seen Price effective from Koha item type
        2018-12-17 30984 2018-12-17 2018-12-17 წიგნი
        2018-12-17 30985 2018-12-17 2018-12-17 წიგნი
        2018-12-17 30986 2018-12-17 2018-12-17 წიგნი
        2018-12-17 30987 2018-12-17 2018-12-17 წიგნი
        2018-12-17 30988 2018-12-17 2018-12-17 წიგნი
        2018-12-17 30989 2018-12-17 2018-12-17 წიგნი
        2018-12-17 30990 2018-12-17 2018-12-17 წიგნი
        2018-12-17 30991 2018-12-17 2018-12-17 წიგნი
        2018-12-17 30992 2018-12-17 2018-12-17 წიგნი
        2018-12-17 30993 2018-12-17 2018-12-17 წიგნი
        2018-12-17 30994 2018-12-17 2018-12-17 წიგნი